| 000 | 01745nam a2200397 c 4500 | ||
|---|---|---|---|
| 001 | 19867 | ||
| 003 | ES-MaCES | ||
| 005 | 20141221122629.0 | ||
| 008 | 070320s2006 sp d s o000 | spa d | ||
| 017 |
_aM 49446-2006 _bDL |
||
| 020 | _a8445129244 | ||
| 035 | _aCES20070002934m | ||
| 040 |
_aES-MaCES _bspa _cES-MaCES |
||
| 245 | 0 | 3 |
_aLa negociación colectiva en la Comunidad de Madrid en 2005 y avance de 2006 _b: cuadros estadísticos de los resultados definitivos de los convenios colectivos de 2004 |
| 260 |
_aMadrid _bConsejo Económico y Social, Comunidad de Madrid _c[2006] |
||
| 300 |
_a191 p. _bgráf. col. _c28 cm _e1 CD-ROM |
||
| 500 | _aPubl. también en CD-ROM, que incluye: Informe la negociación colectiva en 2005, avance de la negociación colectiva en 2006 y estadística de convenios colectivos desde 1994 hasta 2006 | ||
| 541 | _cGratuito | ||
| 650 | 4 |
_anegociación colectiva _928362 |
|
| 650 | 4 |
_acondiciones de trabajo _928327 |
|
| 650 | 4 |
_aconvenio colectivo _928361 |
|
| 650 | 4 |
_a2005 _931686 |
|
| 650 | 4 |
_aMadrid (Comunidad Autónoma) _930777 |
|
| 650 | 4 |
_a2006 _931838 |
|
| 650 | 4 |
_ainforme _928986 |
|
| 650 | 4 |
_adatos estadísticos _930765 |
|
| 650 | 4 |
_aCD ROM _930331 |
|
| 653 | 1 | 0 | _aRelaciones laborales-Empleo |
| 710 | 2 |
_aConsejo Económico y Social (Madrid) _eed. _92424 |
|
| 740 | 0 | 2 | _aEstadística de convenios colectivos [de la Comunidad de Madrid] desde 1994 hasta 2005 |
| 787 | 0 |
_tLa negociación colectiva en la Comunidad de Madrid en 2006 y avance de 2007 _w(ES-MaCES)21808 |
|
| 787 | 0 |
_tLa negociación colectiva en la Comunidad de Madrid en 2004 y avance de 2005 _w(ES-MaCES)18474 |
|
| 902 | _aLIB Libro | ||
| 942 |
_2CES _cBK _h2.0. |
||
| 999 |
_c19867 _d19867 |
||